Archie #380 /

"Write Stuff": George Gladir, one of Archie Comics' greatest writers, is having some trouble coming up with his latest story! Maybe his muse will help him bust the writer's block?

Bibliographic Details
Corporate Author: Library Pass, LLC
Other Authors: Gladir, George (writer.)
Format: eBook
Language:English
Published: [United States] : Archie Comics, 2015.
Subjects:
Online Access:Connect to this electronic book (First time users create your free account)

MARC

Tag First Indicator Second Indicator Subfields
LEADER 00000nmm a22000001a 4500
001 in00004628521
006 m|||||o||m||||||||
007 cr|cn |||uuuuu
008 221118s2015 xxu||||do|||| ||||||eng d
005 20221207221955.5
035 |a (TxWaIVM)IV64716ArAr 
040 |a TxWaIVM  |c TxWaIVM 
245 0 0 |a Archie #380 /  |c powered by Library Pass. 
260 3 |a [United States] :  |b Archie Comics,  |c 2015. 
300 |a 1 online resource. 
336 |a text  |b txt  |2 rdacontent 
337 |a computer  |b c  |2 rdamedia 
338 |a online resource  |b cr  |2 rdacarrier 
520 |a "Write Stuff": George Gladir, one of Archie Comics' greatest writers, is having some trouble coming up with his latest story! Maybe his muse will help him bust the writer's block? 
521 |a 2 
538 |a Requires a valid library card and registration for new users. 
538 |a Mode of access: World Wide Web. 
538 |a System requirements: Flash 10.1 or higher, Windows XP and higher, Internet Explorer 7 and higher, Firefox 3.6 and higher, Google Chrome; Max OS 10.5 and higher, Safari 4 and higher. 
650 0 |a Humor 
655 7 |a Electronic books.  |2 local 
655 7 |a Humor  |2 gsafd 
650 0 |a Romance comic books, strips, etc. 
655 7 |a Romance comic books, strips, etc.  |2 gsafd 
700 1 |a Gladir, George.  |e writer. 
700 1 |a Grossman, Barry.  |e artist. 
700 1 |a Yoshida, Bill.  |e artist. 
700 1 |a DeCarlo, Dan.  |e artist. 
700 1 |a Lapick, Rudy.  |e artist. 
700 1 |a Goldberg, Stan.  |e artist. 
710 2 |a Library Pass, LLC. 
856 4 0 |u http://proxy.library.tamu.edu/login?url=https://tamu.librarypass.com/product/com.iversecomics.archie.comics.archie.three.hundred.eighty.english.09142015  |z Connect to this electronic book (First time users create your free account)  |t 0 
955 |a Comics Plus. 
999 f f |s ce836c14-532a-41eb-a3cb-2b023217057d  |i 61cbf8d2-9846-465b-bef3-aee063461bcc  |t 0 
952 f f |a Texas A&M University  |b College Station  |c Electronic Resources  |d Available Online  |t 0  |h Library of Congress classification 
998 f f |t 0  |l Available Online